Normal view
MARC view
- Ecology
Entry Topical Term
001 - CONTROL NUMBER
- control field: 26767
003 - CONTROL NUMBER IDENTIFIER
- control field: OSt
005 - DATE AND TIME OF LATEST TRANSACTION
- control field: 20110906103638.0
008 - FIXED-LENGTH DATA ELEMENTS
- fixed length control field: 110906|||a|||||| | ||| d
040 ## - CATALOGING SOURCE
- Original cataloging agency: OSt
- Transcribing agency: OSt
150 ## - HEADING--TOPICAL TERM
- Topical term or geographic name as entry element: Ecology
670 ## - SOURCE DATA FOUND
- Source citation: Work cat.: (OSt): Rajbhandary, Sangeeta 26766, Systematic revision of the genue begonia L.(Bagonizccae) in the Himalayas, 2010
670 ## - SOURCE DATA FOUND
- Source citation: Work cat.: (OSt): Rajbhandary, Sangeeta 26766, Systematic revision of the genue begonia L.(Bagonizccae) in the Himalayas, 2010
